000 00275nam a2200109Ia 4500
001 588690
005 20250717120836.0
008 250717s9999 xx 000 0 und d
245 0 _aY-3 TÜRKLERİN TARİHİ
_cİLBER ORTAYLI
260 _bTİMAŞ YAYINLARI
_c2019
300 _b284
999 _c588690
_d588690